000 005800000a22001930004500
008 081031t xxu||||| |||| 00| 0 eng d
010 _aENG-84384
020 _a8178801574
020 _c500.00 (hb)
035 _aEN-67917
082 _a576
100 _aJas, P K
245 _aMicrobiology /
_cby P K Jas
260 _aNew Delhi
_bRajat Publications
260 _c2005
300 _aviii,237p
_c22cm
942 _2ddc
_cEN
_h576
_mJAS
999 _c17718
_d17718